[Event "Titled Tue 20th May Early"]
[Site "chess.com INT"]
[Date "2025.05.20"]
[Round "8"]
[White "Leschinsky, Gary"]
[Black "Zaksaite, Salomeja"]
[Result "0-1"]
[BlackTitle "WGM"]
[WhiteElo "1992"]
[BlackElo "2119"]
[WhiteFideId "30951321"]
[BlackFideId "12801496"]
[EventDate "2025.05.20"]

1. d4 Nf6 2. c4 g6 3. Nc3 Bg7 4. e4 d6 5. Be2 O-O 6. Be3 Nbd7 7. g4 e5 8. d5 a5
9. g5 Ne8 10. h4 f5 11. gxf6 Nexf6 12. Qd2 Nc5 13. f3 Nh5 14. O-O-O Nf4 15. Bf1
Bh6 16. Nh3 Qxh4 17. Kb1 Bxh3 18. Bxh3 Nxh3 19. Bxh6 Rxf3 20. Ka1 Nxe4 21. Nxe4
Qxe4 22. Rdf1 Rxf1+ 23. Rxf1 Nf4 24. b3 a4 25. Bxf4 axb3 26. Bh6 Qxc4 27. Qf2
Qc3+ 28. Kb1 bxa2+ 29. Qxa2 Qd3+ 30. Qc2 Qxf1+ 31. Kb2 Qb5+ 32. Kc1 Ra1+ 33. Kd2
Qb4+ 34. Ke2 Qg4+ 35. Kd2 Qg2+ 36. Kc3 Ra3+ 37. Kb2 Ra2+ 0-1

[Event "Titled Tue 20th May Early"]
[Site "chess.com INT"]
[Date "2025.05.20"]
[Round "8"]
[White "Hambardzumian, Yuri"]
[Black "Khandhadia, Nivaan Rathin"]
[Result "1-0"]
[WhiteTitle "IM"]
[WhiteElo "2301"]
[BlackElo "2112"]
[WhiteFideId "13302795"]
[BlackFideId "25753274"]
[EventDate "2025.05.20"]

1. f4 d5 2. Nf3 c5 3. e3 Nc6 4. d4 e6 5. c3 Nf6 6. Bd3 Be7 7. O-O O-O 8. Nbd2 c4
9. Bc2 b5 10. a3 a5 11. Ne5 Qc7 12. Qf3 Bb7 13. e4 dxe4 14. Nxe4 Nxe5 15. fxe5
Nxe4 16. Bxe4 Bxe4 17. Qxe4 Ra7 18. Qg4 Rfa8 19. Bh6 Bf8 20. Rf3 g6 21. Bxf8
Rxf8 22. Raf1 Kg7 23. h4 h5 24. Qg5 Qd8 25. Rf6 b4 26. axb4 axb4 27. g4 bxc3 28.
bxc3 hxg4 29. h5 Qe8 30. hxg6 fxg6 31. Rxf8 Qxf8 32. Rxf8 Kxf8 33. Qh6+ Ke8 34.
Qh8+ 1-0

[Event "Titled Tue 20th May Early"]
[Site "chess.com INT"]
[Date "2025.05.20"]
[Round "8"]
[White "Cattaneo, Marco"]
[Black "Saiz Rodriguez, Daniel Evelio"]
[Result "1-0"]
[WhiteTitle "FM"]
[BlackTitle "FM"]
[WhiteElo "2291"]
[BlackElo "2187"]
[WhiteFideId "878332"]
[BlackFideId "3523420"]
[EventDate "2025.05.20"]

1. e4 c5 2. d3 Nc6 3. g3 g6 4. Bg2 Bg7 5. f4 d6 6. Nf3 e6 7. O-O Nge7 8. c3 O-O
9. Be3 b6 10. Re1 d5 11. e5 d4 12. cxd4 Nf5 13. dxc5 Nxe3 14. Rxe3 bxc5 15. Nc3
Rb8 16. b3 f5 17. Na4 Nd4 18. Rc1 Nxf3+ 19. Bxf3 g5 20. Bg2 Qd4 21. Qf3 Bb7 22.
Qf2 Bxg2 23. Kxg2 gxf4 24. gxf4 Kh8 25. Rc4 Qa1 26. Re1 1-0

[Event "Titled Tue 20th May Early"]
[Site "chess.com INT"]
[Date "2025.05.20"]
[Round "8"]
[White "Smieszek, Wojciech"]
[Black "Shukhman, Anna"]
[Result "0-1"]
[WhiteTitle "CM"]
[BlackTitle "WGM"]
[WhiteElo "2141"]
[BlackElo "2413"]
[WhiteFideId "1156047"]
[BlackFideId "54180058"]
[EventDate "2025.05.20"]

1. e4 c5 2. Nf3 d6 3. d4 cxd4 4. Nxd4 Nf6 5. Nc3 g6 6. Be3 Nc6 7. f3 h5 8. Qd2
Nxd4 9. Bxd4 Bh6 10. Be3 Bxe3 11. Qxe3 Be6 12. Bb5+ Kf8 13. O-O Qa5 14. Rfe1 Rc8
15. a4 Kg7 16. Rad1 Qb4 17. Qxa7 Qxb2 18. Nd5 Bxd5 19. exd5 Rxc2 20. Bf1 h4 21.
h3 Rh5 22. Rb1 Qa2 23. Ra1 Qxd5 24. Rxe7 Rg5 25. Kh1 Nh5 26. Qxb7 Ng3+ 27. Kg1
Qd4+ 28. Kh2 Nxf1+ 29. Kh1 Ng3+ 30. Kh2 Qf4 0-1

[Event "Titled Tue 20th May Early"]
[Site "chess.com INT"]
[Date "2025.05.20"]
[Round "8"]
[White "Jaskolka, Tomasz"]
[Black "Andriienko, Artom"]
[Result "1-0"]
[WhiteTitle "CM"]
[WhiteElo "2200"]
[BlackElo "2153"]
[WhiteFideId "1170791"]
[BlackFideId "34129510"]
[EventDate "2025.05.20"]

1. d4 Nf6 2. Bf4 g6 3. Nc3 d6 4. e4 Bg7 5. Qd2 c6 6. Bh6 O-O 7. O-O-O b5 8. f3
b4 9. Nb1 a5 10. h4 Nbd7 11. h5 Qc7 12. Bxg7 Kxg7 13. hxg6 fxg6 14. Qh6+ Kg8 15.
Nh3 Rf7 16. Ng5 Nf8 17. Nxf7 Kxf7 18. e5 dxe5 19. Bc4+ Be6 20. Bxe6+ Nxe6 21.
dxe5 Qxe5 22. Nd2 a4 23. Rhe1 Qf4 24. Qxf4 Nxf4 25. g3 N4d5 26. Ne4 a3 27. bxa3
Rxa3 28. Kb2 Rxf3 29. Ng5+ Kg7 30. Nxf3 Nc3 31. Rxe7+ 1-0

[Event "Titled Tue 20th May Early"]
[Site "chess.com INT"]
[Date "2025.05.20"]
[Round "8"]
[White "Kravtsiv, Martyn"]
[Black "Xiong, Jeffery"]
[Result "1-0"]
[WhiteTitle "GM"]
[BlackTitle "GM"]
[WhiteElo "2598"]
[BlackElo "2636"]
[WhiteFideId "14113147"]
[BlackFideId "2047640"]
[EventDate "2025.05.20"]

1. e4 c5 2. Nc3 Nc6 3. Bb5 Nd4 4. Nf3 e6 5. O-O Ne7 6. Nxd4 cxd4 7. Ne2 a6 8.
Bd3 Nc6 9. c3 Bc5 10. b4 Ba7 11. cxd4 d5 12. Bb2 Nxb4 13. Qa4+ Nc6 14. Ba3 Bd7
15. exd5 Ne7 16. Qb3 b5 17. Be4 O-O 18. Nf4 exd5 19. Nxd5 Nc6 20. Bxf8 Qxf8 21.
Qg3 Bxd4 22. Rac1 Rd8 23. Rfe1 Ne5 24. Bxh7+ Kxh7 25. Qh4+ Kg6 26. Ne7+ Qxe7 27.
Qxe7 1-0

[Event "Titled Tue 20th May Early"]
[Site "chess.com INT"]
[Date "2025.05.20"]
[Round "8"]
[White "Dubnevych, Maksym"]
[Black "Piesik, Piotr"]
[Result "0-1"]
[WhiteTitle "FM"]
[BlackTitle "IM"]
[WhiteElo "2292"]
[BlackElo "2436"]
[WhiteFideId "14184001"]
[BlackFideId "1136194"]
[EventDate "2025.05.20"]

1. Nc3 d5 2. e4 d4 3. Nce2 e5 4. c3 c5 5. Ng3 Nc6 6. Bc4 Nf6 7. Nf3 Bd6 8. O-O
O-O 9. d3 a6 10. a4 Rb8 11. Nh4 b5 12. Ba2 Re8 13. Nhf5 Bf8 14. Qf3 g6 15. Nh6+
Bxh6 16. Nf5 Bxc1 17. Raxc1 gxf5 18. exf5 Qd6 19. Qg3+ Kf8 20. Qg5 Ke7 21. Rfe1
Rg8 22. Qh4 Bxf5 23. f4 Rg4 24. Qf2 Be6 25. Bxe6 Rxf4 26. Qg3 Qxe6 27. cxd4 Nxd4
28. Rxc5 Nd7 29. Rc7 bxa4 30. Qg5+ Kd6 31. Ra7 Rg4 32. Qe3 Qd5 33. Qh3 Nf3+ 34.
Kh1 Nxe1 35. Qxg4 Qxg2+ 36. Qxg2 Nxg2 37. Kxg2 Rxb2+ 38. Kf3 Rb6 39. Ra8 a3 40.
Rc8 Rc6 41. Rb8 a2 42. Rb1 axb1=Q 0-1

[Event "Titled Tue 20th May Early"]
[Site "chess.com INT"]
[Date "2025.05.20"]
[Round "8"]
[White "Thorhallsson, Simon"]
[Black "May Sanchez, Andres Elias"]
[Result "1-0"]
[WhiteTitle "FM"]
[WhiteElo "2218"]
[BlackElo "2209"]
[WhiteFideId "2310090"]
[BlackFideId "5150973"]
[EventDate "2025.05.20"]

1. d4 Nf6 2. Nf3 g6 3. Bg5 Bg7 4. Nbd2 c5 5. e3 d6 6. c3 Nbd7 7. Bd3 Qc7 8. Qc2
O-O 9. h4 h5 10. Bxf6 Nxf6 11. O-O-O Rb8 12. Kb1 b5 13. Ng5 b4 14. c4 Ng4 15.
Ndf3 a5 16. d5 a4 17. Qe2 a3 18. b3 Qd8 19. Nd2 e6 20. Nde4 f5 21. dxe6 fxe4 22.
Nxe4 Bxe6 23. f3 Ne5 24. Ng5 Bf5 25. Bxf5 Rxf5 26. g4 Rxg5 27. hxg5 Qxg5 28. f4
Qxg4 29. Qc2 Nf3 30. Rxd6 Qf5 31. Rxg6 1-0

[Event "Titled Tue 20th May Early"]
[Site "chess.com INT"]
[Date "2025.05.20"]
[Round "8"]
[White "Dilmukhametov, Artur"]
[Black "Ermolaev, Evgeny"]
[Result "0-1"]
[WhiteTitle "FM"]
[BlackTitle "FM"]
[WhiteElo "2276"]
[BlackElo "2282"]
[WhiteFideId "24179922"]
[BlackFideId "24103195"]
[EventDate "2025.05.20"]

1. d4 Nf6 2. f3 d5 3. e4 dxe4 4. Nc3 exf3 5. Nxf3 Bf5 6. h3 c6 7. g4 Be6 8. Bg2
Nd5 9. O-O Nxc3 10. bxc3 h6 11. Ne5 Nd7 12. Nxf7 Bxf7 13. Rxf7 Kxf7 14. Qf1+ Nf6
15. Qc4+ e6 16. g5 hxg5 17. Bxg5 Bd6 18. Re1 Qd7 19. h4 Bc7 20. Qd3 Qd6 21. Qh3
Rae8 22. Re3 c5 23. Bxb7 cxd4 24. cxd4 Qxd4 25. Kg2 Qg4+ 26. Qxg4 Nxg4 27. Rf3+
Nf6 28. Bc6 Rb8 0-1

[Event "Titled Tue 20th May Early"]
[Site "chess.com INT"]
[Date "2025.05.20"]
[Round "8"]
[White "Naroditsky, Daniel"]
[Black "Piliposyan, Robert"]
[Result "0-1"]
[WhiteTitle "GM"]
[BlackTitle "IM"]
[WhiteElo "2619"]
[BlackElo "2416"]
[WhiteFideId "2026961"]
[BlackFideId "13309978"]
[EventDate "2025.05.20"]

1. e4 g6 2. d4 Bg7 3. Nc3 d6 4. Be3 c6 5. a4 Nf6 6. Nf3 O-O 7. Qd2 Nbd7 8. h4 e5
9. h5 exd4 10. Bxd4 Re8 11. O-O-O Qa5 12. hxg6 hxg6 13. Bc4 b5 14. Bb3 bxa4 15.
Ba2 a3 16. Qf4 axb2+ 17. Kb1 Ne5 18. Bxe5 dxe5 19. Qh4 Qxc3 20. Ng5 Be6 21. Nxe6
fxe6 22. Rd3 Qc5 23. Rg3 Qxf2 24. Qh3 Kf7 25. Rf3 Qd2 26. Rxf6+ Bxf6 27. Qh7+
Kf8 28. Qxg6 Ke7 29. Rh7+ Kd6 30. Qxf6 Qc1# 0-1

[Event "Titled Tue 20th May Early"]
[Site "chess.com INT"]
[Date "2025.05.20"]
[Round "8"]
[White "Mishra, Abhimanyu"]
[Black "Rustemov, Alexander"]
[Result "1-0"]
[WhiteTitle "GM"]
[BlackTitle "GM"]
[WhiteElo "2605"]
[BlackElo "2525"]
[WhiteFideId "30920019"]
[BlackFideId "4119002"]
[EventDate "2025.05.20"]

1. e4 e6 2. d4 d5 3. Nd2 c5 4. Ngf3 cxd4 5. Nxd4 Nc6 6. Bb5 Bd7 7. Nxc6 Bxc6 8.
Bxc6+ bxc6 9. c4 Qa5 10. O-O Nf6 11. Qc2 Qa6 12. a3 Be7 13. exd5 cxd5 14. c5 O-O
15. b4 Rfc8 16. Bb2 Qb7 17. Nb3 Nd7 18. Rfc1 Qc7 19. Nd4 a6 20. Re1 Bf6 21. Rad1
Ne5 22. Nb3 Nd7 23. Bxf6 Nxf6 24. Na5 h6 25. c6 Qb6 26. Rc1 Rc7 27. Qc5 Qxc5 28.
Rxc5 Ne4 29. Rc2 Nd6 30. a4 Rb8 31. Rb1 Kf8 32. f3 Ke7 33. Kf2 e5 34. Rc5 Ke6
35. Ke3 g5 36. Kd3 f5 37. b5 axb5 38. axb5 Rb6 39. Kc3 e4 40. Kd4 f4 41. Rxd5 e3
42. Rxd6+ Kxd6 43. Nc4+ 1-0

[Event "Titled Tue 20th May Early"]
[Site "chess.com INT"]
[Date "2025.05.20"]
[Round "8"]
[White "Sarana, Alexey"]
[Black "Mitrabha, Guha"]
[Result "0-1"]
[WhiteTitle "GM"]
[BlackTitle "GM"]
[WhiteElo "2686"]
[BlackElo "2515"]
[WhiteFideId "24133795"]
[BlackFideId "5057000"]
[EventDate "2025.05.20"]

1. d4 Nf6 2. c4 c5 3. d5 g6 4. Nc3 Bg7 5. e4 d6 6. h3 e6 7. Nf3 O-O 8. Bd3 exd5
9. cxd5 b5 10. Nxb5 Re8 11. O-O Nxe4 12. Bxe4 Rxe4 13. Bg5 Qd7 14. Nc3 Re8 15.
Re1 Na6 16. Qd2 Bb7 17. Nh2 h5 18. Bh6 Bh8 19. Nf1 Nc7 20. Ne3 Nb5 21. Bf4 Nxc3
22. bxc3 Re4 23. Bh2 Rae8 24. Rab1 Ba6 25. Rb3 Bg7 26. Ra3 Bb5 27. Rc1 Bh6 28.
Kh1 Rxe3 29. fxe3 Bxe3 30. Qe1 Bxc1 31. Qxc1 Bc4 32. Qf4 Bxd5 33. Bg1 Re2 34.
Bf2 Qxh3+ 0-1

[Event "Titled Tue 20th May Early"]
[Site "chess.com INT"]
[Date "2025.05.20"]
[Round "8"]
[White "Sobek, Jaroslav"]
[Black "Fishman, Albert"]
[Result "0-1"]
[WhiteTitle "FM"]
[WhiteElo "2195"]
[BlackElo "2149"]
[WhiteFideId "301388"]
[BlackFideId "2090597"]
[EventDate "2025.05.20"]

1. d4 g6 2. c4 Bg7 3. Nc3 Nf6 4. e4 O-O 5. h3 d6 6. Bg5 h6 7. Be3 Na6 8. Qd2 Kh7
9. g4 c5 10. d5 e6 11. Nf3 exd5 12. exd5 Nc7 13. Bd3 b5 14. g5 Ng8 15. gxh6 Bxh6
16. cxb5 Bxe3 17. fxe3 f5 18. O-O-O Nf6 19. h4 Ncxd5 20. Nxd5 Nxd5 21. h5 Be6
22. hxg6+ Kg7 23. Bc4 Nc7 24. Bxe6 Nxe6 25. Qxd6 Qxd6 26. Rxd6 Rf6 27. Ne5 Nf8
28. Rd5 Re8 29. Rxc5 Rfe6 30. Nc4 Nxg6 31. Rg1 Kf6 32. a4 a6 33. b6 Ne5 34. Rf1
Nd3+ 35. Kd2 Nxc5 36. a5 Rc6 37. Na3 Ne4+ 38. Ke2 Ng3+ 39. Kf2 Nxf1 0-1

[Event "Titled Tue 20th May Early"]
[Site "chess.com INT"]
[Date "2025.05.20"]
[Round "8"]
[White "Purtseladze, Maka"]
[Black "Azadaliyev, Jahandar"]
[Result "0-1"]
[WhiteTitle "IM"]
[BlackTitle "FM"]
[WhiteElo "2261"]
[BlackElo "2290"]
[WhiteFideId "13602659"]
[BlackFideId "13425811"]
[EventDate "2025.05.20"]

1. c4 Nf6 2. Nc3 e6 3. d4 Bb4 4. f3 O-O 5. e4 d5 6. e5 Nfd7 7. cxd5 exd5 8. Bd3
c5 9. a3 cxd4 10. axb4 dxc3 11. bxc3 Nxe5 12. Ne2 Qh4+ 13. Ng3 Nxd3+ 14. Qxd3
Re8+ 15. Kf2 Nc6 16. Be3 f5 17. b5 Ne5 18. Qxd5+ Kh8 19. Bd4 Nd3+ 20. Kf1 Be6
21. Qxb7 Qh6 22. Ne2 Bc4 23. Kg1 Rad8 24. Nf4 Nxf4 25. Rxa7 Re1+ 26. Kf2 Nd3+
27. Kg3 Qg5+ 28. Kh3 Nf4# 0-1

[Event "Titled Tue 20th May Early"]
[Site "chess.com INT"]
[Date "2025.05.20"]
[Round "8"]
[White "Mohota, Nisha"]
[Black "Tsyhanchuk, Stanislav"]
[Result "1-0"]
[WhiteTitle "IM"]
[BlackTitle "IM"]
[WhiteElo "2161"]
[BlackElo "2273"]
[WhiteFideId "5004330"]
[BlackFideId "13505130"]
[EventDate "2025.05.20"]

1. e4 c5 2. Nf3 e6 3. b3 d5 4. exd5 exd5 5. d4 Nf6 6. Bb5+ Nc6 7. O-O Bd6 8.
Re1+ Be7 9. dxc5 O-O 10. Be3 Ne4 11. c4 dxc4 12. Bxc6 bxc6 13. Bd4 Nxc5 14. bxc4
Ne6 15. Be5 Ba6 16. Nbd2 Bb4 17. Qa4 Bxd2 18. Nxd2 Bb7 19. Ne4 c5 20. Nd6 Bc8
21. Qc6 Rb8 22. Nxf7 Rxf7 23. Bxb8 Nd4 24. Re8+ 1-0

[Event "Titled Tue 20th May Early"]
[Site "chess.com INT"]
[Date "2025.05.20"]
[Round "8"]
[White "Ahmad, Khagan"]
[Black "Gholami Orimi, Mahdi"]
[Result "0-1"]
[WhiteTitle "IM"]
[BlackTitle "GM"]
[WhiteElo "2405"]
[BlackElo "2511"]
[WhiteFideId "13431552"]
[BlackFideId "12558486"]
[EventDate "2025.05.20"]

1. e4 g6 2. d4 Bg7 3. Nc3 d6 4. Be3 a6 5. g4 b5 6. h4 Bb7 7. Bg2 Nd7 8. h5 c5 9.
h6 Bf8 10. Qd2 Qa5 11. g5 O-O-O 12. Nce2 Qxd2+ 13. Bxd2 cxd4 14. Nxd4 e5 15.
Nde2 f6 16. Nc3 Be7 17. Nh3 Nc5 18. O-O-O Rf8 19. f4 Bd8 20. Nd5 fxg5 21. fxe5
dxe5 22. Bb4 Ne6 23. Bxf8 Nxf8 24. Rhf1 Nxh6 25. Nf2 g4 0-1

[Event "Titled Tue 20th May Early"]
[Site "chess.com INT"]
[Date "2025.05.20"]
[Round "8"]
[White "Cernov, Henrik"]
[Black "Dorrance, Adam"]
[Result "1/2-1/2"]
[WhiteTitle "FM"]
[BlackTitle "FM"]
[WhiteElo "2325"]
[BlackElo "2301"]
[WhiteFideId "16258312"]
[BlackFideId "2618567"]
[EventDate "2025.05.20"]

1. d4 Nf6 2. Bg5 d5 3. Bxf6 exf6 4. e3 Bd6 5. Bd3 c6 6. Qf3 Na6 7. c3 Nc7 8. Ne2
h5 9. h3 Ne6 10. h4 Nc5 11. Bf5 Nd3+ 12. Kf1 Nxb2 13. Nd2 Na4 14. e4 Nb6 15. Ng3
g6 16. Bxc8 Rxc8 17. Re1 Bxg3 18. Qxg3 O-O 19. e5 fxe5 20. dxe5 Nc4 21. Nf3 Qa5
22. e6 Qxc3 23. exf7+ Rxf7 24. Qxg6+ Qg7 25. Qxh5 Rcf8 26. Re6 Qa1+ 27. Re1 Nd2+
28. Ke2 Re7+ 29. Kxd2 Qb2+ 30. Kd1 Qb1+ 31. Kd2 Qb2+ 32. Kd1 Qb1+ 33. Kd2 Qxa2+
34. Kd1 Qb1+ 35. Kd2 Qb2+ 36. Kd1 Qb1+ 37. Kd2 Qb2+ 38. Kd1 Qb1+ 1/2-1/2

[Event "Titled Tue 20th May Early"]
[Site "chess.com INT"]
[Date "2025.05.20"]
[Round "8"]
[White "Ugarte Soto, Cesar"]
[Black "Kjaergaard-Jensen, Jesper"]
[Result "0-1"]
[WhiteTitle "CM"]
[BlackTitle "CM"]
[WhiteElo "2088"]
[BlackElo "2081"]
[WhiteFideId "3601331"]
[BlackFideId "1406990"]
[EventDate "2025.05.20"]

1. d4 Nf6 2. Bf4 d6 3. e3 Nbd7 4. Nf3 c5 5. c3 Qb6 6. Qb3 e6 7. Nbd2 d5 8. h3 c4
9. Qc2 Be7 10. g4 Nf8 11. Bg2 Ng6 12. Bg3 Bd6 13. Ne5 Bxe5 14. dxe5 Nd7 15. Nf3
h5 16. gxh5 Rxh5 17. e4 Ndxe5 18. Nxe5 Nxe5 19. exd5 Nd3+ 20. Kf1 exd5 21. b4
Be6 22. Rd1 Kf8 23. Kg1 Kg8 24. Qe2 Rh6 25. Rxd3 cxd3 26. Qxd3 Qc6 27. Be5 Rg6
28. Kf1 Rc8 29. Bd4 Qd7 30. h4 Bf5 31. Qd2 Rxg2 32. Kxg2 Be4+ 33. f3 Qg4+ 34.
Kh2 Bxf3 35. Rf1 Qxh4+ 36. Kg1 Qg3+ 0-1

[Event "Titled Tue 20th May Early"]
[Site "chess.com INT"]
[Date "2025.05.20"]
[Round "8"]
[White "Vingris, Mikelis"]
[Black "Ramu, K."]
[Result "0-1"]
[BlackTitle "FM"]
[WhiteElo "2102"]
[BlackElo "2151"]
[WhiteFideId "11611731"]
[BlackFideId "5006171"]
[EventDate "2025.05.20"]

1. e4 c5 2. Nf3 d6 3. d4 cxd4 4. Nxd4 Nf6 5. Bd3 e5 6. Ne2 Be6 7. c4 Nc6 8. Nbc3
Be7 9. O-O O-O 10. h3 a6 11. Be3 Rc8 12. Rc1 Nd7 13. a3 Bg5 14. Qd2 Bxe3 15.
Qxe3 Nc5 16. b4 Nb3 17. Rb1 Nbd4 18. Nd5 Nxe2+ 19. Qxe2 Bxd5 20. exd5 Nd4 21.
Qe3 f5 22. c5 Qf6 23. Rfc1 e4 24. Bf1 Rce8 25. cxd6 f4 26. Qc3 f3 27. d7 Rd8 28.
Qc7 fxg2 29. Bxg2 Qxf2+ 30. Kh1 Ne2 31. Rc2 e3 32. d6 Ng3+ 33. Kh2 Qf4 34. Qc4+
Qxc4 35. Rxc4 Nf5 36. Bxb7 Rxd7 37. Bd5+ Kh8 38. Be6 Rxd6 39. Bxf5 Rd2+ 40. Kg3
g6 41. Be4 e2 42. Rcc1 Re8 43. Bf3 Re3 44. Kf2 e1=Q# 0-1

[Event "Titled Tue 20th May Early"]
[Site "chess.com INT"]
[Date "2025.05.20"]
[Round "8"]
[White "Masague Artero, Guerau"]
[Black "Mizzi, Jack"]
[Result "1-0"]
[WhiteTitle "FM"]
[BlackTitle "CM"]
[WhiteElo "2326"]
[BlackElo "2086"]
[WhiteFideId "32098952"]
[BlackFideId "5602521"]
[EventDate "2025.05.20"]

1. e4 c6 2. Nc3 d5 3. Qf3 d4 4. Bc4 e6 5. Nce2 c5 6. Ng3 Nc6 7. Qd1 a6 8. d3 b5
9. Bb3 Bb7 10. a4 Qd7 11. Nf3 h5 12. h3 h4 13. Ne2 Be7 14. O-O Nh6 15. Bf4 f6
16. Bd2 g5 17. Nh2 Rg8 18. f4 g4 19. f5 gxh3 20. Bxh6 Rxg2+ 21. Kh1 Bd6 22. Nf4
Bxf4 23. Bxf4 e5 24. Bh6 Qh7 25. Qh5+ Kd7 26. Qf7+ Qxf7 27. Bxf7 Nb4 28. axb5
axb5 29. Rxa8 Bxa8 30. Bf8 Rxc2 31. Ng4 Nxd3 32. Nxf6+ Kc7 33. Bd5 Bxd5 34. exd5
Nf2+ 35. Rxf2 Rxf2 36. d6+ Kc6 37. d7 Kc7 38. Be7 1-0

[Event "Titled Tue 20th May Early"]
[Site "chess.com INT"]
[Date "2025.05.20"]
[Round "8"]
[White "Shafer, Logan C"]
[Black "Khachatryan, Anna"]
[Result "1-0"]
[WhiteTitle "CM"]
[BlackTitle "WFM"]
[WhiteElo "2291"]
[BlackElo "2169"]
[WhiteFideId "30993342"]
[BlackFideId "13310780"]
[EventDate "2025.05.20"]

1. d4 Nf6 2. c4 c5 3. d5 b5 4. cxb5 a6 5. e3 g6 6. Nc3 Bg7 7. a4 axb5 8. Bxb5
O-O 9. Nf3 Bb7 10. e4 d6 11. O-O Na6 12. Ra3 Nc7 13. Bd3 Ba6 14. Re1 Ng4 15. h3
Ne5 16. Nxe5 Bxe5 17. Be3 Bxd3 18. Qxd3 Na6 19. Nb5 Nb4 20. Qd2 Qa5 21. Bg5 Rfe8
22. f4 Bxb2 23. Qxb2 Nd3 24. Rxd3 Qxe1+ 25. Kh2 Qxe4 26. Ra3 f6 27. Bh6 Rxa4 28.
Rxa4 Qxa4 29. Nc7 Rc8 30. Ne6 c4 31. Qb7 Qe8 32. Nd4 c3 33. Nc6 Kf7 34. Qb3 e6
35. Qb7+ 1-0

[Event "Titled Tue 20th May Early"]
[Site "chess.com INT"]
[Date "2025.05.20"]
[Round "8"]
[White "Gelman, Alexander"]
[Black "Kim, Sergey"]
[Result "1-0"]
[WhiteTitle "IM"]
[BlackTitle "FM"]
[WhiteElo "2403"]
[BlackElo "2295"]
[WhiteFideId "4118316"]
[BlackFideId "13700570"]
[EventDate "2025.05.20"]

1. d4 Nf6 2. Nc3 g6 3. e4 d6 4. f4 Bg7 5. Nf3 O-O 6. e5 Ne8 7. Be3 c5 8. dxc5
Nc6 9. cxd6 exd6 10. Bb5 Bg4 11. O-O dxe5 12. Qxd8 Rxd8 13. Bxc6 bxc6 14. Nxe5
Bf5 15. Nxc6 Rd7 16. Rfd1 Rc7 17. Nd5 Rb7 18. Nde7+ Kh8 19. Nxf5 gxf5 20. Rab1
a6 21. b4 Nf6 22. c4 Ne4 23. Rd8 Rxd8 24. Nxd8 Rd7 25. Nc6 Rd3 26. Ba7 Rc3 27.
b5 axb5 28. cxb5 Nd6 29. a4 Bf6 30. Bd4 Bxd4+ 31. Nxd4 Rc4 32. Nc6 Rxa4 33. b6
Rc4 34. Ne5 Rxf4 35. Nxf7+ 1-0

[Event "Titled Tue 20th May Early"]
[Site "chess.com INT"]
[Date "2025.05.20"]
[Round "8"]
[White "Aarav Sinha"]
[Black "Teh, Wee Zhun"]
[Result "1-0"]
[WhiteTitle "FM"]
[BlackTitle "CM"]
[WhiteElo "2255"]
[BlackElo "2010"]
[WhiteFideId "25674064"]
[BlackFideId "5707277"]
[EventDate "2025.05.20"]

1. e4 d5 2. exd5 Qxd5 3. Nc3 Qd6 4. g3 Nf6 5. Bg2 c6 6. Nge2 Bf5 7. O-O e6 8. d3
Be7 9. a3 O-O 10. b4 h6 11. Bb2 Nbd7 12. Ne4 Qc7 13. c4 Rfd8 14. Qc2 Nxe4 15.
dxe4 Bh7 16. Qb3 Bf6 17. Rad1 Bxb2 18. Qxb2 Ne5 19. Qc3 b5 20. cxb5 Rdc8 21.
bxc6 Nxc6 22. Rc1 Qb6 23. b5 Ne7 24. Qb4 Rxc1 25. Rxc1 Qd8 26. Nd4 Rb8 27. a4
Bg6 28. a5 Rc8 29. Rxc8 Nxc8 30. h4 Qc7 31. Nc6 a6 32. e5 axb5 33. Qxb5 Ne7 34.
a6 1-0

[Event "Titled Tue 20th May Early"]
[Site "chess.com INT"]
[Date "2025.05.20"]
[Round "8"]
[White "Goryachkina, Aleksandra"]
[Black "Gadzhiev, Ruslan"]
[Result "0-1"]
[WhiteTitle "GM"]
[BlackTitle "CM"]
[WhiteElo "2544"]
[BlackElo "2169"]
[WhiteFideId "4147103"]
[BlackFideId "55671926"]
[EventDate "2025.05.20"]

1. c4 e6 2. Nc3 d5 3. d4 Nf6 4. cxd5 exd5 5. Bg5 Be7 6. e3 c6 7. Bd3 Nbd7 8. Qc2
O-O 9. Nf3 Re8 10. h3 Nf8 11. Bf4 h6 12. O-O Bd6 13. Bxd6 Qxd6 14. Ne5 c5 15.
Nb5 Qe7 16. f4 Ne6 17. Qf2 a6 18. Nc3 b5 19. f5 Nf8 20. Rab1 N8d7 21. Nxd7 Bxd7
22. Rbe1 b4 23. Nb1 Bb5 24. Bxb5 axb5 25. dxc5 Qxc5 26. Nd2 Rxa2 27. Nb3 Qc4 28.
Nd4 Ne4 29. Qh4 Rxb2 30. f6 Qa2 31. Qg4 g6 32. Nf5 h5 33. Qf3 Nd2 34. Qg3 Nxf1
35. Kxf1 Rb1 36. Qg5 Rxe1+ 37. Kxe1 Qb1+ 0-1

[Event "Titled Tue 20th May Early"]
[Site "chess.com INT"]
[Date "2025.05.20"]
[Round "8"]
[White "Timofeev, Artyom"]
[Black "Srihari, L"]
[Result "0-1"]
[WhiteTitle "GM"]
[BlackTitle "IM"]
[WhiteElo "2548"]
[BlackElo "2353"]
[WhiteFideId "4140419"]
[BlackFideId "46642056"]
[EventDate "2025.05.20"]

1. c4 Nf6 2. Nc3 g6 3. g3 Bg7 4. Bg2 O-O 5. e3 d6 6. Nge2 c5 7. O-O Nc6 8. h3 a6
9. d4 Bd7 10. b3 Rb8 11. Bb2 b5 12. cxb5 axb5 13. dxc5 dxc5 14. Rc1 Qa5 15. Ne4
Rfd8 16. Bxf6 Bxh3 17. Qe1 Qxe1 18. Rfxe1 Bxg2 19. Kxg2 Bxf6 20. Nxc5 Nb4 21. a4
bxa4 22. bxa4 Nd3 23. Nxd3 Rxd3 24. Rc4 Rb2 25. g4 Rdd2 26. Kf3 Ra2 27. Rf4 Kg7
28. Rc4 e6 29. Re4 Rdc2 30. Rb4 Bd8 31. Rb5 Rd2 32. Rc5 Rxa4 33. Nc3 Ra5 34. Rc4
Rc2 35. Re2 Rc1 0-1

[Event "Titled Tue 20th May Early"]
[Site "chess.com INT"]
[Date "2025.05.20"]
[Round "8"]
[White "Vaganian, Rafael A"]
[Black "Iskusnyh, Sergei"]
[Result "0-1"]
[WhiteTitle "GM"]
[BlackTitle "GM"]
[WhiteElo "2449"]
[BlackElo "2440"]
[WhiteFideId "13300016"]
[BlackFideId "4120027"]
[EventDate "2025.05.20"]

1. d4 d5 2. c4 c6 3. Nf3 Nf6 4. Nc3 a6 5. c5 Bf5 6. h3 Nbd7 7. Bf4 e6 8. e3 Be7
9. Bd3 O-O 10. O-O Re8 11. Qc2 Bxd3 12. Qxd3 Bxc5 13. dxc5 e5 14. Bg5 e4 15. Qd4
exf3 16. gxf3 Qe7 17. b4 Qe5 18. Bf4 Qh5 19. Kg2 Nf8 20. Ne2 Ne6 21. Qe5 Qg6+
22. Kh2 Nxc5 23. Qd6 Ne6 24. Rg1 Qc2 25. Nd4 Qb2 26. Rxg7+ Nxg7 27. Qxf6 Re6 0-1